|
|
|
|
| LEADER |
00000cam a22000004a 4500 |
| 001 |
musev2_50006 |
| 003 |
MdBmJHUP |
| 005 |
20230905045207.0 |
| 006 |
m o d |
| 007 |
cr||||||||nn|n |
| 008 |
171009s1983 onc o 00 0 eng d |
| 020 |
|
|
|a 9780889207103
|
| 020 |
|
|
|z 0889207100
|
| 020 |
|
|
|z 9780889201477
|
| 035 |
|
|
|a (OCoLC)1016791410
|
| 040 |
|
|
|a MdBmJHUP
|c MdBmJHUP
|
| 100 |
1 |
|
|a Matthews, Bruce,
|d 1941-
|
| 245 |
1 |
0 |
|a Craving and Salvation :
|b A Study in Buddhist Soteriology /
|c Bruce Matthews.
|
| 264 |
|
1 |
|a Waterloo, Ont. Canada :
|b Published for the Canadian Corp. for Studies in Religion by Wilfrid Laurier University Press,
|c 1983.
|
| 264 |
|
3 |
|a Baltimore, Md. :
|b Project MUSE,
|c 2018
|
| 264 |
|
4 |
|c ©1983.
|
| 300 |
|
|
|a 1 online resource (150 pages).
|
| 336 |
|
|
|a text
|b txt
|2 rdacontent
|
| 337 |
|
|
|a computer
|b c
|2 rdamedia
|
| 338 |
|
|
|a online resource
|b cr
|2 rdacarrier
|
| 490 |
0 |
|
|a SR supplements ;
|v 13
|
| 546 |
|
|
|a English.
|
| 588 |
|
|
|a Description based on print version record.
|
| 650 |
1 |
7 |
|a Soteriologie.
|2 gtt
|
| 650 |
1 |
7 |
|a Wensen.
|2 gtt
|
| 650 |
|
7 |
|a Erlösung
|2 gnd
|
| 650 |
|
7 |
|a Soteriologie
|2 gnd
|
| 650 |
|
7 |
|a Buddhismus
|2 gnd
|
| 650 |
|
7 |
|a Salvation
|x Buddhism.
|2 fast
|0 (OCoLC)fst01104424
|
| 650 |
|
7 |
|a RELIGION
|x Comparative Religion.
|2 bisacsh
|
| 650 |
|
7 |
|a Buddhism.
|2 aat
|
| 650 |
|
6 |
|a Bouddhisme.
|
| 650 |
|
6 |
|a Salut
|x Bouddhisme.
|
| 650 |
|
2 |
|a Buddhism
|
| 650 |
|
0 |
|a Buddhism.
|
| 650 |
|
0 |
|a Salvation
|x Buddhism.
|
| 610 |
1 |
6 |
|a Tipiṭaka.
|b Suttapiṭaka
|x Critique, interpretation, etc.
|
| 655 |
|
7 |
|a Criticism, interpretation, etc.
|2 fast
|0 (OCoLC)fst01411635
|
| 655 |
|
7 |
|a Electronic books.
|2 local
|
| 710 |
2 |
|
|a Project Muse.
|e distributor
|
| 830 |
|
0 |
|a Book collections on Project MUSE.
|
| 856 |
4 |
0 |
|z Texto completo
|u https://projectmuse.uam.elogim.com/book/50006/
|
| 945 |
|
|
|a Project MUSE - Custom Collection
|
| 945 |
|
|
|a Project MUSE - Archive Complete Supplement VI
|
| 945 |
|
|
|a Project MUSE - Archive Philosophy and Religion Supplement VI
|